Normal view
MARC view
Entry Personal Name
001 - CONTROL NUMBER
- control field: 3761
003 - CONTROL NUMBER IDENTIFIER
- control field: ARRUPE
005 - DATE AND TIME OF LATEST TRANSACTION
- control field: 20131126105524.0
008 - FIXED-LENGTH DATA ELEMENTS
- fixed length control field: 131126|| aca||aabn | a|a d
040 ## - CATALOGING SOURCE
- Original cataloging agency: ARRUPE
- Transcribing agency: ARRUPE
100 ## - HEADING--PERSONAL NAME
- Personal name: Hayek, Friedrich A. von
- Fuller form of name: (Friedrich August),
- Dates associated with a name: 1899-1992.
670 ## - SOURCE DATA FOUND
- Source citation: Work cat.: (ARRUPE)0: The Cambridge companion to Hayek /, 2006.